Les Chemins de l'eau : (Record no. 14678)
[ view plain ]
| 000 -LEADER | |
|---|---|
| fixed length control field | 00514cam a2200157Ia 4500 |
| 020 ## - INTERNATIONAL STANDARD BOOK NUMBER | |
| ISBN | 287105009X |
| 040 ## - CATALOGING SOURCE | |
| Transcribing agency | BGM |
| 082 ## - DEWEY DECIMAL CLASSIFICATION NUMBER | |
| Classification number | 333 TER 1990 A068 Co. |
| 100 1# - MAIN ENTRY--AUTHOR NAME | |
| Personal name | Dupriez, Hugues, |
| 245 14 - TITLE STATEMENT | |
| Title | Les Chemins de l'eau : |
| Remainder of title | ruissellement, irrigation, drainage (manuel tropical) / |
| 260 ## - PUBLICATION, DISTRIBUTION, ETC. (IMPRINT) | |
| Place of publication | Nivelles (Belgique) : |
| Name of publisher | Terres et Vie ; |
| Place of publication | Wageningen (Pays-bas) : |
| Name of publisher | CTA ; |
| Place of publication | Paris : |
| Name of publisher | l'harmattan ; |
| Place of publication | Dakar : |
| Name of publisher | enda |
| Year of publication | 1990. |
| 300 ## - PHYSICAL DESCRIPTION | |
| Number of Pages | 380 p. : |
| Other physical details | ill. ; |
| Dimensions | 28 cm. |
| 650 #7 - SUBJECT ADDED ENTRY--TOPICAL TERM | |
| Topical Term | Eau. |
| 700 1# - ADDED ENTRY--PERSONAL NAME | |
| Personal name | Leener, P. de. |
| 942 ## - ADDED ENTRY ELEMENTS (KOHA) | |
| Koha item type | សៀវភៅភាសាបារាំង |
| 952 ## - LOCATION AND ITEM INFORMATION (KOHA) | |
| Withdrawn status [LOCAL, KOHA] | 0 |
| Permanent Location | Date acquired | Koha item type | Lost status | Shelving location | Barcode | Current Location | Full call number |
|---|---|---|---|---|---|---|---|
| Library Block A | 2017-10-24 | សៀវភៅភាសាបារាំង | A068 | A20557 | Library Block A | 333 TER 1990 A068 Co. |